Voluntary code of leasing practice (Record no. 118008)
[ view plain ]
| 000 -LEADER | |
|---|---|
| fixed length control field | 00923cam a2200205 4500 |
| 001 - CONTROL NUMBER | |
| control field | WB@3612-569 |
| 008 - FIXED-LENGTH DATA ELEMENTS--GENERAL INFORMATION | |
| fixed length control field | 040916n2004 000 0 eng u |
| 035 ## - SYSTEM CONTROL NUMBER | |
| System control number | (Sirsi) u127430 |
| 245 ## - TITLE STATEMENT | |
| Title | Voluntary code of leasing practice |
| 260 ## - PUBLICATION, DISTRIBUTION, ETC. | |
| Date of publication, distribution, etc. | 2004 |
| 490 ## - SERIES STATEMENT | |
| Series statement | Egi News Release |
| Volume/sequential designation | 3 September 2004 (1) |
| 520 ## - SUMMARY, ETC. | |
| Summary, etc. | The government has begun a consultation process on whether or not to legislate leasing practice next year. The ODPM has warned that the industry is not adapting quickly enough to the voluntary code of leasing practice - upward-only rent reviews and rigid conditions are still standard, although break options are now becoming more available. http://www.egi.co.uk/News_detail.asp?news_id=18916 5 |
| 590 ## - LOCAL NOTE (RLIN) | |
| Local note | WB |
| 590 ## - LOCAL NOTE (RLIN) | |
| Local note | WB |
| 650 ## - SUBJECT ADDED ENTRY--TOPICAL TERM | |
| Topical term or geographic name entry element | CODE OF PRACTICE |
| 650 ## - SUBJECT ADDED ENTRY--TOPICAL TERM | |
| Topical term or geographic name entry element | UPWARD ONLY RENT REVIEWS |
| 650 ## - SUBJECT ADDED ENTRY--TOPICAL TERM | |
| Topical term or geographic name entry element | COMMERCIAL LEASES |
| 690 ## - LOCAL SUBJECT ADDED ENTRY--TOPICAL TERM (OCLC, RLIN) | |
| Topical term or geographic name as entry element | LANDLORD AND TENANT-BUSINESS TENANCIES |
| 942 ## - ADDED ENTRY ELEMENTS (KOHA) | |
| Suppress in OPAC | 0 |
| Withdrawn status | Lost status | Source of classification or shelving scheme | Damaged status | Not for loan | Home library | Current library | Shelving location | Date acquired | Total Checkouts | Full call number | Barcode | Date last seen | Copy number | Price effective from | Koha item type |
|---|---|---|---|---|---|---|---|---|---|---|---|---|---|---|---|
| Other/Generic Classification Scheme | London | London | News article | 16/09/2004 | WB@3612-569 | 127430-1001 | 06/08/2019 | 1 | 06/08/2019 | News article |